Money demand, purchasing power parity and inflation modeling in Malaysia /
Saved in:
| 主要作者: | |
|---|---|
| 格式: | 未知 |
| 語言: | English |
| 出版: |
Kuala Lumpur :
Kulliyyah of Economics and Management Sciences, International Islamic University Malaysia,
2001
|
| 標簽: |
添加標簽
沒有標簽, 成為第一個標記此記錄!
|
| LEADER | 005300000a22001090004500 | ||
|---|---|---|---|
| 008 | 210511n 000 0 eng u | ||
| 100 | 1 | |a Iddrisu, Issahaq Umar | |
| 245 | 1 | 0 | |a Money demand, purchasing power parity and inflation modeling in Malaysia / |c Issahaq Umar Iddrisu |
| 260 | |a Kuala Lumpur : |b Kulliyyah of Economics and Management Sciences, International Islamic University Malaysia, |c 2001 | ||
| 596 | |a 1 | ||
| 999 | |c 441644 |d 471493 | ||
| 952 | |0 0 |6 XX(568378.000001) |7 4 |9 762855 |a IIUM |b IIUM |g 0.00 |o XX(568378.1) |p 11100325109 |r 1900-01-02 |t 1 |v 0.00 |y THESIS | ||
